Statystyki dla Najlepsi Piłkarze w historii Francji

Kliknij tutaj aby rozwiązać quiz!

Ogólne statystyki

  • Ten quiz został rozwiązany 621 razy
  • Średni wynik to 10 z 26

Statystyki odpowiedzi

StatusPiłkarz% Poprawnych
(NAP) Aktywny (160mln)Mbappe
95%
(ŚPO) Koniec KarieryZidane
81%
(NAP) Aktywny (25mln)Benzema
66%
(N/LS) Koniec KarieryHenry
62%
(BR) Aktywny (25mln)Lloris
60%
(POM) Aktywny (55mln)Kante
59%
(POM) Aktywny (60mln)Pogba
59%
(NAP) Aktywny (4mln)Giroud
52%
(NAP) Aktywny(100mln)Griezmann
52%
(OBR) Aktywny (70mln)Varane
46%
(ŚO) Koniec KarieryBlanc
40%
(LP/ŚPO) Koniec KarieryPlatini
37%
(ŚPD) Koniec KarieryMakelele
36%
(ŚPD) Koniec KarieryPetit
36%
(ŚO) Koniec KarieryDesailly
35%
(N) Koniec KarieryTrezeguet
32%
(ŚPD/ŚP) Koniec KarieryVieira
31%
(LP) Koniec KarieryPires
30%
(BR) Koniec KarieryBarthez
19%
(NAP) Aktywny (3mln)Ribery
17%
(ŚPD) Koniec KarieryDeschamps
16%
(LO) Koniec KarieryEvra
15%
(N) Koniec KarieryAnelka
9%
(LO) Koniec KarieryAbidal
7%
(LN) Koniec KarieryMalouda
5%
(N) Koniec KarieryCisse
3%

Rozkład punktacji

Percentyl według liczby udzielonych odpowiedzi

Procent ludzi z każdym wynikiem

Twoja historia wyników

Nie rozwiązałeś tego quizu